Hiện trạng sử dụng đất nông nghiệp của huyện Cẩm Xuyên- Hà Tĩnh và hiệu quả kinh tế của nó
Cơ sở lí luận và thực tiễn . Hiện trạng sử dụng đất nông nghiệp của huyện Cẩm Xuyên- Hà Tĩnh. Hiệu quả kinh tế trong sử dụng đất nông nghiệp ở huyện Cẩm Xuyên- Hà Tĩnh
Wedi'i Gadw mewn:
| Prif Awdur: | |
|---|---|
| Awduron Eraill: | |
| Fformat: | Llyfr |
| Cyhoeddwyd: |
Đà Nẵng
Đại học Sư phạm, Đại học Đà Nẵng
2012
|
| Pynciau: | |
| Tagiau: |
Ychwanegu Tag
Dim Tagiau, Byddwch y cyntaf i dagio'r cofnod hwn!
|
| Thư viện lưu trữ: | Mạng thư viện Đại học Đà Nẵng |
|---|
| LEADER | 01838nam a2200337 4500 | ||
|---|---|---|---|
| 001 | 000017157 | ||
| 003 | 13569 | ||
| 005 | 20130315080339.0 | ||
| 008 | 130315s2012 sd | ||
| 082 | |a 333.76 |b NG-T | ||
| 100 | 1 | |a Nguyễn Thị Tuyết | |
| 245 | |a Hiện trạng sử dụng đất nông nghiệp của huyện Cẩm Xuyên- Hà Tĩnh và hiệu quả kinh tế của nó |c Nguyễn Thị Tuyết ; Nguyễn Văn Nam hướng dẫn |k Khóa luận tốt nghiệp | ||
| 260 | |a Đà Nẵng |b Đại học Sư phạm, Đại học Đà Nẵng |c 2012 | ||
| 300 | |a 73 tr., phụ lục 2 tr. |b Bản đồ, bản mhọa. |c 29 cm. |e Đĩa CD | ||
| 500 | |a Khóa luận tốt nghiệp đại học. Chuyên ngành: Cử nhân khoa học Địa Lý | ||
| 504 | |a Mục lục đầu trang, tài liệu tham khảo tr. 73 - 74, phụ lục [13 tr.] | ||
| 520 | |a Cơ sở lí luận và thực tiễn . Hiện trạng sử dụng đất nông nghiệp của huyện Cẩm Xuyên- Hà Tĩnh. Hiệu quả kinh tế trong sử dụng đất nông nghiệp ở huyện Cẩm Xuyên- Hà Tĩnh | ||
| 600 | 1 | 4 | |b Vua |c Đinh Tiên Hoàng |
| 650 | 0 | 4 | |a Địa lý tự nhiên |a Đất nông nghiệp |v Khóa luận tốt nghiệp |x Kinh tế nông nghiệp |z Hà Tĩnh |
| 653 | |a Khoa Địa Lý |a Đất nông nghiệp | ||
| 700 | |a Nguyễn Văn Nam |e Hướng dẫn | ||
| OWN | |a LSP | ||
| AVA | |a UDN50 |b LSP |d 333.76 NG-T |e available |t Error 5001 Not defined in file expand_doc_bib_avail. |f 1 |g 0 |h N |i 0 |k 1 | ||
| 999 | |a From the UDN01 | ||
| AVA | |a UDN50 |b LSP |d 333.76 NG-T |e available |t Error 5001 Not defined in file expand_doc_bib_avail. |f 1 |g 0 |h N |i 0 |k 1 | ||
| TYP | |a Monograph | ||
| TYP | |a Printed language | ||
| 980 | |a Mạng thư viện Đại học Đà Nẵng | ||